| 000 | 01236cam a22003611 4500 | ||
|---|---|---|---|
| 001 | 1932 | ||
| 003 | FISKH | ||
| 005 | 20250819110555.0 | ||
| 008 | 790924s1948 nyuab j 000 1 eng | ||
| 010 | _a 48006527 | ||
| 020 | _a9780590136952 | ||
| 040 |
_aDLC _beng _cDLC _dDLC |
||
| 050 | 0 | 0 |
_aPZ7.G15 _bMy |
| 082 | 0 | 0 |
_a813.54 _219 |
| 100 | 1 | _aGannett, Ruth Stiles. | |
| 245 | 0 | 0 |
_aMy father's dragon / _cillusted by Ruth Chrisman Gannett. |
| 260 |
_aNew York : _bRandom House, _c1948. |
||
| 300 |
_a77 pages : _bmaps ; illustrations ; _c20 cm. |
||
| 505 | _aZ' | ||
| 520 | _aA young boy runs away from home to rescue an abused baby dragon held captive to serve as a free twenty-four hour, seven-days-a-week ferry for the lazy wild animals living on Wild Island. | ||
| 521 | 8 |
_a970
_bLexile |
|
| 521 | 8 |
_aZ'
_bRaz-Plus |
|
| 650 | 0 |
_aDragons _vFiction |
|
| 650 | 0 |
_aAnimals _vFiction |
|
| 650 | 0 |
_aRescues _vFiction |
|
| 650 | 0 |
_aIslands _vFiction |
|
| 700 | 1 |
_aGannett, Ruth Chrisman, _d1896-1979 _eillustrator |
|
| 710 | 2 |
_aJuvenile Collection (Library of Congress) _5DLC |
|
| 906 |
_a7 _bcbc _corignew _d1 _eocip _f19 _gy-gencatlg |
||
| 942 |
_2ddc _cBK _n0 |
||
| 999 |
_c1932 _d1932 |
||